Elektrostatický vývod zväzkov iónov z cyklotrónu DC72

Salvato in:
Dettagli Bibliografici
Autore principale: Benian, Miroslav (Autore)
Altri autori: Kliman, Ján (Relatore della tesi), Pavlovič, Márius, 1963- (Relatore della tesi)
Natura: Manoscritto Libro
Lingua:slovacco
Pubblicazione: Bratislava : STU v Bratislave FEI, 2002
Soggetti:
Tags: Aggiungi Tag
Nessun Tag, puoi essere il primo ad aggiungerne!!

MARC

LEADER 00000ntm a22000003a 4500
001 stu78857
005 20160719164734.6
008 030130s2002------------------------slo-d
040 |a STU  |b slo 
041 0 |a slo 
100 1 |a Benian, Miroslav  |4 aut 
245 1 |a Elektrostatický vývod zväzkov iónov z cyklotrónu DC72 
260 |a Bratislava :  |b STU v Bratislave FEI,  |c 2002 
300 |a 60 s 
650 7 |a Elektroenergetické a silnoprúdové inžinierstvo  |2 stusub 
700 1 |a Kliman, Ján  |4 ths 
700 1 |a Pavlovič, Márius,  |d 1963-  |4 ths  |u E060  |U FEI Fakulta elektrotechniky a informatiky  |T FEI Ústav jadrového a fyzikálneho inžinierstva  |X 1842  |U E060  |Y 817  |7 A000001842